000 00770nam a22002657a 4500
003 dpl
005 20180729105118.0
008 0
010 _aA-940576
020 _c160.00
035 _aA-940576, A-940577
037 _bCen Lib/Ret
040 _aDPL
_bEN
_c0
082 _a230.1
_bBAL
100 _aBalakrishnan, S.
_910247
245 _aSri rama as god alimighty :
_cby S. Balakrishnan
_badhyatma ramayanam /
246 _b
260 _b Bahratiya Vidya Bhawan
_a Bombay
_c1997
270 _aKulpati Munshi Marg
_b Bombay
_e400007
300 _axxv, 220p.
_c21cm(Hb)
650 _aHinduism
_991184
650 _aHindus God
_911044
700 _aRamakrishnan, S.
_991185
942 _2ddc
_cEN
_h230.1
_mBAL
999 _c125269
_d125269